000 00893nam a2200253 a 4500
003 PILC
005 20150803130703.0
008 070421s ph 000 0 eng d
020 _a9719344612
050 0 0 _aN 3750.M3
_b.B64 2008
100 1 _aBolañłos, Greg.
245 1 0 _aPastel /
_cby Greg Bola©łos ; editors, James Hardy, Marlene Aguilar ; writers Michael Casey, Marlene Aguilar ; design and layout Alexander Pascual ; photography, Demetrio Dela Cruz.
250 _a1st edition
260 _aManila :
_bJamayco Pub. House,
_c2008.
300 _a178 pages :
_billustrations (chiefly color) ;
_c29 cm.
500 _a"A Philippine heritage book."
650 0 _aArt, Philippine
_xExhibition.
650 0 _aPhilippine Art Gallery.
700 1 _aCasey, Michael.
700 1 _aAguilar, Marlene P.
700 1 _aHardy, James.
700 1 _aDela Cruz, Demetrio.
942 _2lcc
_cBK
999 _c288302
_d288302